大马龙岩会馆总会暨各乡会联会特刊 (Record no. 45336)

000 -LEADER
fixed length control field 00501nam a22001577a 4500
003 - CONTROL NUMBER IDENTIFIER
control field MPLRDC
005 - DATE AND TIME OF LATEST TRANSACTION
control field 20220104144007.0
008 - FIXED-LENGTH DATA ELEMENTS--GENERAL INFORMATION
fixed length control field 210129b ||||| |||| 00| 0 eng d
082 ## - DEWEY DECIMAL CLASSIFICATION NUMBER
Classification number 063.8861 LY 1987
100 ## - MAIN ENTRY--PERSONAL NAME
Personal name 大马龙岩会馆总会暨各乡会联会特刊特刊编辑委员会
245 ## - TITLE STATEMENT
Title 大马龙岩会馆总会暨各乡会联会特刊
Statement of responsibility, etc.
260 ## - PUBLICATION, DISTRIBUTION, ETC.
Place of publication, distribution, etc.
Name of publisher, distributor, etc. 大马龙岩会馆总会暨各乡会
Date of publication, distribution, etc. 1987
300 ## - PHYSICAL DESCRIPTION
Other physical details
650 ## - SUBJECT ADDED ENTRY--TOPICAL TERM
Topical term or geographic name entry element 马来西亚普通会社
942 ## - ADDED ENTRY ELEMENTS (KOHA)
Koha item type Book
-- 063.8861 LY 1987
Holdings
Withdrawn status Lost status Source of classification or shelving scheme Damaged status Not for loan Collection code Home library Current library Shelving location Date acquired Cost, normal purchase price Total Checkouts Full call number Barcode Date last seen Date last checked out Price effective from Koha item type Public note
            Malaysian Public Library, Research and Development Centre Malaysian Public Library, Research and Development Centre   10/12/2007 0.00   063.8861 LY 1987 00045488 18/03/2021 05/03/2008 18/03/2021 Book mplrdc

© 2022. Malaysian Public Library, Research and Development Centre. All Right ReservedE-mailmplrdc@help.edu.my 

Powered by Koha